000 01517nam a2200313 i 4500
003 OSt
005 20260511113539.0
008 260511s2025 nyua jrb 000 1 eng d
020 _a9780241667675
_cRM 58.50
_qpaperback
040 _aPPAK
_beng
_cPPAK
_erda
082 0 4 _223
_a823.92
090 0 0 _a823.92
_bTWE
_dK
100 1 _aTweedy,
_cthe Clown,
_eauthor.
245 1 0 _aTWEEDY :
_bTHE CLOWN WHO LOST HIS NOSE /
_cWritten by Tweedy the Clown ; Illustrated by Daniel Duncan.
246 3 0 _aClown who lost his nose
250 _aFirst American edition
264 1 _aNew York :
_bDK Publishing,
_c2025
300 _a1 volume (unpaged) :
_bchiefly colour illustrations ;
_c25 cm
336 _atext
_2rdacontent
337 _aunmediated
_2rdamedia
338 _avolume
_2rdacarrier
520 _aThe circus is packed, the lights are dim, and the crowd is ready for the show to begin... but oh no! Tweedy the Clown has lost his big red nose! Is it in the dressing room? Is it flying through the air in the ring? Is it at the top of the huge ramp? Join Tweedy in this laugh-out-loud adventure as he searches high and low for his nose, causing chaos wherever he looks. The curtains are finally closing... Will he make it to the show on time?
600 1 0 _aTweedy,
_cthe Clown
_vJuvenile fiction
650 2 0 _aClowns
_vJuvenile fiction
650 2 0 _aCircus
_vJuvenile fiction
655 7 _aPicture books for children
700 1 _aDuncan, Daniel,
_d1989-
_eillustrator.
942 _2ddc
_cB
999 _c204151
_d204151